El mediterráneo: historia, arqueología, religión, arte
Uloženo v:
| Hlavní autor: | |
|---|---|
| Médium: | Kniha |
| Jazyk: | španělština |
| Vydáno: |
Madrid, España
Cátedra
2006
|
| Edice: | Historia. Serie Mayor
|
| Témata: | |
| Tagy: |
Přidat tag
Žádné tagy, Buďte první, kdo vytvoří štítek k tomuto záznamu!
|
MARC
| LEADER | 00000nam a2200000 a 4500 | ||
|---|---|---|---|
| 001 | UCJ9644 | ||
| 003 | CL-VaPUC | ||
| 005 | 20250123120340.0 | ||
| 008 | 070330e20060000SP |||||||||||||||||spa|d | ||
| 999 | |c 325064 |d 325062 | ||
| 020 | |a 8437622891 | ||
| 040 | |c Pontificia Universidad Católica de Valparaíso | ||
| 082 | 0 | 4 | |a 935 BLA 2006 |2 21 |
| 100 | |a Blázquez Martínez, José María |e author |9 558283 | ||
| 245 | 1 | 3 | |a El mediterráneo: |b historia, arqueología, religión, arte |
| 260 | |a Madrid, España |b Cátedra |c 2006 | ||
| 300 | |a 445 páginas | ||
| 490 | 0 | |a Historia. Serie Mayor | |
| 583 | |a last modification |c 20070330 00:00:00 |k Rodrigo Vera | ||
| 650 | 0 | |a Historia antigua |9 267521 | |
| 650 | 0 | |a Arqueología |9 265619 | |
| 650 | 0 | |a Textos sagrados |9 257605 | |
| 650 | 7 | |a FENICIOS |2 CL-VaPUC |9 519629 | |
| 650 | 0 | |a Monarquía |9 255259 | |
| 650 | 0 | |a Historia de las religiones |9 323406 | |
| 650 | 0 | |a Historia del arte |9 314877 | |
| 651 | 7 | |a BABILONIA |2 CL-VaPUC |9 322408 | |
| 651 | 0 | |a Grecia |9 265314 | |
| 651 | 0 | |a Península Ibérica |9 417828 | |
| 651 | 0 | |a Israel |9 314378 | |
| 852 | |a BIBCUR | ||
| 942 | |c BK |2 ddc | ||
| 945 | |d 20070330 00:00:00 |a cmena | ||
| 952 | |0 0 |1 0 |2 ddc |4 0 |6 935_000000000000000_BLA_2006 |7 0 |8 A |9 405627 |a BIBHIS |b BIBHIS |d 2019-11-22 |i 4326903 |o 935 BLA 2006 |p 4326903 |r 2025-01-20 |t 1 |w 2019-11-22 |y BK |k HIS | ||